|
|
|
|
| LEADER |
00000naa2a2200000 4500 |
| 001 |
428868 |
| 005 |
20231101074857.0 |
| 035 |
|
|
|a (RuTPU)RU\TPU\prd\88500
|
| 035 |
|
|
|a RU\TPU\prd\42649
|
| 090 |
|
|
|a 428868
|
| 100 |
|
|
|a 20101020a2006 k y0rusy50 ca
|
| 101 |
0 |
|
|a eng
|
| 102 |
|
|
|a RU
|
| 200 |
1 |
|
|a Устранение шума из сигналов ультразвукового контроля с использованием метода отделения ослепляющих сигналов
|f Кинькун Ли [и др.]
|
| 225 |
1 |
|
|a Акустические методы
|
| 300 |
|
|
|9 547
|a Статья на англ. яз.
|
| 320 |
|
|
|a Библиогр.: 10 назв.
|
| 461 |
|
0 |
|0 (RuTPU)RU\TPU\prd\151
|x 0130-3082
|t Дефектоскопия
|d 1965-
|
| 463 |
|
0 |
|0 (RuTPU)RU\TPU\prd\88491
|t № 1
|v С. 83-89
|d 2006
|
| 610 |
1 |
|
|a сигналы
|
| 610 |
1 |
|
|a шумы
|
| 610 |
1 |
|
|a фильтрация
|
| 610 |
1 |
|
|a ультразвуковой контроль
|
| 610 |
1 |
|
|a неразрушающий контроль
|
| 610 |
1 |
|
|a ослепляющие сигналы
|
| 610 |
1 |
|
|a отделение
|
| 610 |
1 |
|
|a реконструированное фазовое пространство
|
| 610 |
1 |
|
|a вейвлетная фильтрация
|
| 675 |
|
|
|a 620.179.16
|v 3
|
| 701 |
|
0 |
|a Кинькун Ли
|
| 701 |
|
0 |
|a Пейвен Ку
|
| 701 |
|
0 |
|a Хуавей Гуо
|
| 701 |
|
0 |
|a Шупень Сон
|
| 801 |
|
1 |
|a RU
|b 63413507
|c 20060411
|g PSBO
|
| 801 |
|
2 |
|a RU
|b 63413507
|c 20140123
|g PSBO
|
| 942 |
|
|
|c BK
|